<?xml version='1.0' encoding='UTF-8'?>
  <record xmlns="http://www.loc.gov/MARC21/slim">
    <leader>00000cam a2200000 i 4500</leader>
    <controlfield tag="001">ocn974127391</controlfield>
    <controlfield tag="003">OCoLC</controlfield>
    <controlfield tag="005">20250621134135.8</controlfield>
    <controlfield tag="008">991018s1764    enk           000 0 eng d</controlfield>
    <datafield tag="040" ind1=" " ind2=" ">
      <subfield code="a">QGJ</subfield>
      <subfield code="b">dut</subfield>
      <subfield code="c">QGJ</subfield>
      <subfield code="d">OCLCQ</subfield>
      <subfield code="d">OCLCL</subfield>
      <subfield code="d">OCLCQ</subfield>
      <subfield code="d">OCLCL</subfield>
    </datafield>
    <datafield tag="035" ind1=" " ind2=" ">
      <subfield code="a">(OCoLC)974127391</subfield>
    </datafield>
    <datafield tag="082" ind1="0" ind2="4">
      <subfield code="a">793.3</subfield>
      <subfield code="q">OCoLC</subfield>
      <subfield code="1">https://id.oclc.org/worldcat/ddc/E3chtMMKWqxpdd4G4QRcy3kpXY</subfield>
    </datafield>
    <datafield tag="084" ind1=" " ind2=" ">
      <subfield code="a">24.16</subfield>
      <subfield code="2">bcl</subfield>
    </datafield>
    <datafield tag="100" ind1="1" ind2=" ">
      <subfield code="a">Gallini, Giovanni-Andrea.</subfield>
    </datafield>
    <datafield tag="245" ind1="1" ind2="0">
      <subfield code="a">Critical observations on the art of dancing, to which is added a collection of Cotillons or French dances /</subfield>
      <subfield code="c">by Giovanni-Andrea Gallini.</subfield>
    </datafield>
    <datafield tag="246" ind1="1" ind2=" ">
      <subfield code="a">new collection of forty-four cotillons, with figures properly adapted, also the music for six dances, two of which may be used as cotillons</subfield>
    </datafield>
    <datafield tag="264" ind1=" " ind2="1">
      <subfield code="a">London :</subfield>
      <subfield code="b">printed for the author, and sold by R. Dodsley [etc.],</subfield>
      <subfield code="c">[ca. 1764]</subfield>
    </datafield>
    <datafield tag="300" ind1=" " ind2=" ">
      <subfield code="a">[10], 184, 10, [104] p. ;</subfield>
      <subfield code="c">21 cm</subfield>
    </datafield>
    <datafield tag="336" ind1=" " ind2=" ">
      <subfield code="a">tekst</subfield>
      <subfield code="b">txt</subfield>
      <subfield code="2">rdacontent/dut</subfield>
    </datafield>
    <datafield tag="337" ind1=" " ind2=" ">
      <subfield code="a">zonder medium</subfield>
      <subfield code="b">n</subfield>
      <subfield code="2">rdamedia/dut</subfield>
    </datafield>
    <datafield tag="338" ind1=" " ind2=" ">
      <subfield code="a">band</subfield>
      <subfield code="b">nc</subfield>
      <subfield code="2">rdacarrier/dut</subfield>
    </datafield>
    <datafield tag="340" ind1=" " ind2=" ">
      <subfield code="m">8-o.</subfield>
    </datafield>
    <datafield tag="500" ind1=" " ind2=" ">
      <subfield code="a">Met notenschr.</subfield>
    </datafield>
    <datafield tag="500" ind1=" " ind2=" ">
      <subfield code="a">Met lijst van intekenaars.</subfield>
    </datafield>
    <datafield tag="500" ind1=" " ind2=" ">
      <subfield code="a">Met eigen titelbl. en pag.: A new collection of forty-four cotillons, with figures properly adapted, also the music for six dances, two of which may be used as cotillons.</subfield>
    </datafield>
    <datafield tag="500" ind1=" " ind2=" ">
      <subfield code="a">Imprint: London: Printed for the author; And Sold by R. Dodsley, in Pall-Mall; T. Becket, and P. A. De Hondt, in the Strand; J. Dixwell, in St. Martin's-Lane, near Charing-Cross; and Mr. Bremmer's Music Shop, opposite Somerset-House, in the Strand. (A new collection of forty-four cotillons: Printed for Giovanni Andreae Gallini; And Sold by R. Dodsley, in Pall-Mall; T. Becket, and P. A. De Hondt, in the Strand; J. Dixwell, in St. Martin's-Lane, near Charing-Cross; and Mr. Bremmer's Music Shop, opposite Somerset-House, in the Strand.).</subfield>
    </datafield>
    <datafield tag="530" ind1=" " ind2=" ">
      <subfield code="a">Also available in online version.</subfield>
    </datafield>
    <datafield tag="650" ind1=" " ind2="7">
      <subfield code="a">Dans.</subfield>
      <subfield code="0">(NL-LeOCL)078480019.</subfield>
      <subfield code="2">gtt</subfield>
    </datafield>
    <datafield tag="650" ind1=" " ind2="7">
      <subfield code="a">Dansmuziek.</subfield>
      <subfield code="0">(NL-LeOCL)078480043.</subfield>
      <subfield code="2">gtt</subfield>
    </datafield>
    <datafield tag="655" ind1=" " ind2="7">
      <subfield code="a">Geschiedenis (vorm)</subfield>
      <subfield code="0">(NL-LeOCL)088143147.</subfield>
      <subfield code="2">gtt</subfield>
    </datafield>
    <datafield tag="700" ind1="0" ind2=" ">
      <subfield code="a">Argyll,</subfield>
      <subfield code="c">duchess of,</subfield>
      <subfield code="e">dedicatee.</subfield>
      <subfield code="4">dte</subfield>
    </datafield>
    <datafield tag="758" ind1=" " ind2=" ">
      <subfield code="a">Critical observations on the art of dancing (Text)</subfield>
      <subfield code="1">https://id.oclc.org/worldcat/entity/E39PCFQcfRFXMdtx3mqyHDkFcd</subfield>
      <subfield code="4">https://id.oclc.org/worldcat/ontology/hasWork</subfield>
    </datafield>
    <datafield tag="776" ind1="0" ind2="8">
      <subfield code="i">Online version:</subfield>
      <subfield code="a">Gallini, Giovanni-Andrea</subfield>
      <subfield code="t">Critical observations on the art of dancing, to which is added a collection of Cotillons or French dances.</subfield>
      <subfield code="d">London : printed for the author, and sold by R. Dodsley [etc.], [ca. 1764]</subfield>
    </datafield>
    <datafield tag="856" ind1="4" ind2="1">
      <subfield code="u">http://objects.library.uu.nl/reader/resolver.php?obj=001639572&amp;type=2</subfield>
      <subfield code="x">Online</subfield>
      <subfield code="z">Full Text</subfield>
    </datafield>
    <datafield tag="936" ind1=" " ind2=" ">
      <subfield code="a">BATCHLOAD</subfield>
    </datafield>
  </record>